004250000a22001330004500060000800000082002000008100001600028245007900044260005600123260000900179300000800188490005000196650004500246 a100 a581.072 GLIL.07 aNair, P K K aGlimpses in plant growth.V VIII. Aspects of energy and environment studies aNew Delhi, Today & Tomorrow s printers & Publishers c1986 a202 aAspects of energy and environment studies.V.7 aResearch/ Plant Resins/ Micropropagation